Roblox Rise of Nations Formables - Statistics

General Stats
  • This quiz has been taken 35 times
    18 since last reset
  • The average score is 69 of 271
Answer Stats
Picture Answer % Correct
African Union
93%
German Empire
79%
Albanian Empire
71%
Austro-Hungarian Empire
71%
British Empire
71%
Italian Empire
71%
Kievan Rus
71%
Arab League
64%
Austrian Empire
64%
Balkan Federation
64%
Belgian Empire
64%
Byzantine Empire
64%
Celestial Monarchy
64%
Confederation of Northern States
64%
Czechoslovakia
64%
Empire of Brazil
64%
Empire of Japan
64%
European Union
64%
French Empire
64%
Mexican Empire
64%
Napoleonic Empire
64%
Ottoman Empire
64%
Qing Dynasty
64%
Republic of China
64%
Russian Empire
64%
Soviet Union
64%
Spanish Empire
64%
Benelux
57%
Ethiopian Empire
57%
Federation of Southeast Asian States
57%
Franco-British Union
57%
Gran Colombia
57%
Holy Roman Empire
57%
Hunnic Empire
57%
Kingdom of Romania
57%
Korea
57%
Portuguese Empire
57%
Roman Empire
57%
Swedish Empire
57%
United Provinces of China
57%
Yugoslavia
57%
Aceh Sultanate
50%
Alam Melayu
50%
Danish Empire
50%
Grand Duchy of Lithuania
50%
Kalmar Union
50%
Kingdom of Hungary
50%
Maurya Empire
50%
Mongol Empire
50%
North American Union
50%
Pirate Republic
50%
Polish-Lithuanian Commonwealth
50%
Rattanakosin Kingdom
50%
Siam
50%
Tokugawa Shogunate
50%
Banda Oriental
43%
Dutch Empire
43%
East African Federation
43%
Empire of Haiti
43%
Frankish Empire
43%
United States of South America
43%
Babylonian Empire
36%
Carthage
36%
Caucasian Imamate
36%
Celtic League
36%
Crimean Khanate
36%
Iberian Union
36%
Khmer Empire
36%
Khwarazmian Dynasty
36%
Kingdom of Croatia
36%
Kingdom of Georgia
36%
Kingdom of Israel
36%
Macedonian Empire
36%
Mali Empire
36%
Mayan Empire
36%
North Sea Empire
36%
Persian Empire
36%
Republic of Venice
36%
Rio de la Plata
36%
Serbian Empire
36%
Transcaucasia
36%
Afsharid Dynasty
29%
Almohad Caliphate
29%
Assyrian Empire
29%
Australasian Federation
29%
Bruneian Empire
29%
Bulgarian Empire
29%
Cemanahuac
29%
Central Asian Union
29%
Emirate of Diriyah
29%
Great Timor
29%
Gulf Union
29%
Inca Empire
29%
Islamic Caliphate
29%
Kingdom of Arabia
29%
Kingdom of Bosnia
29%
Kingdom of Kongo
29%
Kingdom of Sardinia
29%
Kush
29%
Kushan Empire
29%
Maphilindo Confederation
29%
Nguyen Dynasty
29%
Norgesveldet
29%
Ostrogothic Kingdom
29%
Principality of Moldavia
29%
Republic of Central America
29%
South African Union
29%
Tibetan Empire
29%
Timurid Empire
29%
United Republic of the Comoros
29%
Yuan Dynasty
29%
Zapadoslavia
29%
Adal Sultanate
21%
Akkadian Empire
21%
Almighty Don Host
21%
Angevin Empire
21%
Antillean Confederation
21%
Asante Empire
21%
Caliphate of Cordoba
21%
Chola Dynasty
21%
Confederation of Atlantic States
21%
Crown of Aragon
21%
Dagestan
21%
Dervish State
21%
Duchy of Normandy
21%
Durrani Empire
21%
Emirate of Bukhara
21%
Federation of the Andes
21%
Finnic Union
21%
Gallic Empire
21%
Ga'na Empire
21%
Goguryeo
21%
Golden Circle
21%
Hotak Dynasty
21%
Intermarium
21%
Khedivate of Egypt
21%
Kingdom of Armenia
21%
Kingdom of Dacia
21%
Maghreb Federation
21%
Mamluk Sultanate
21%
Mughal Empire
21%
Oceanic Union
21%
Omani Empire
21%
Pacific States of America
21%
Peru-Bolivian Confederation
21%
Promised Land of Zion
21%
Sokoto Caliphate
21%
Sultanate of Darfur
21%
Tongan Empire
21%
Turkestan
21%
United Baltic Federation
21%
West Indies Federation
21%
Zion of America
21%
Aridoamerica
14%
Bangsamoro Republik
14%
Courland-Livonia
14%
Duchy of Milan
14%
Eweland
14%
Fatimid Caliphate
14%
Guine e Cabo Verde
14%
Hafsid Dynasty
14%
Kanem Empire
14%
Khanate of Khiva
14%
Kingdom of Kandy
14%
Kingdom of Mercia
14%
Kingdom of Mutapa
14%
Kingdom of Northumberland
14%
Kingdom of the Two Sicilies
14%
Kong Empire
14%
Kuban People's Republic
14%
Lan Xang
14%
Lucayan Federation
14%
Melanesian Federation
14%
Northern Caucasus Republic
14%
Pala Empire
14%
Patria Grande
14%
Phoenicia
14%
Republic of Genoa
14%
Seljuk Empire
14%
Senegambia Confederation
14%
Sikh Empire
14%
Songhai Empire
14%
South German Confederation
14%
Srivijaya Empire
14%
Sultanate of Zanzibar
14%
Taiping Heavenly Kingdom
14%
Toungoo Dynasty
14%
Turkic Khaganate
14%
Union of Saint Martin
14%
United Papua
14%
United States of Latin Africa
14%
United States of North Asia
14%
United Turkic States
14%
West African Federation
14%
Yaik Cossack Host
14%
Ahom Kingdom
7%
Bani-Khalid Emirate
7%
Bashkiria
7%
Denianke Kingdom
7%
Dietschland
7%
Federation of Sudeste
7%
Grand Principality of Circassia
7%
Great Moravia
7%
Helvetic Republic
7%
Hephthalite Empire
7%
Idel-Ural State
7%
Islamic Republic of Sabah
7%
Johor Sultanate
7%
Kaabu Empire
7%
Karakalpak Khanate
7%
Kilwa Sultante
7%
Kingdom of Aksum
7%
Kingdom of Bohemia
7%
Kingdom of Lunda
7%
Kingdom of Navarre
7%
Kingdom of Sindh
7%
Knights Hospitaller
7%
Malacca Sultanate
7%
Maravi Empire
7%
Marinid Dynasty
7%
Median Empire
7%
Padania
7%
Polynesian Confederation
7%
Princedom of Duklja
7%
Raj of Sarawak
7%
Rasulid Kingdom
7%
Republic of the Rio Grande
7%
State of East Indonesia
7%
State of Jammu and Kashmir
7%
Sultanate of Ifat
7%
Union of Caribbean States
7%
Union of Sahel States
7%
Uyghur Khaganate
7%
West Canada
7%
Windward Islands Federation
7%
Aistija
0%
Arpitania
0%
Bas-Canada
0%
Cook Islands Federation
0%
Cossackia
0%
Federation of the Mariana Islands
0%
Himalayan Confederation
0%
Illyria
0%
Kazembe
0%
Khanate of Kalat
0%
Khanate of Kazan
0%
Khazaria
0%
Kingdom of Alania
0%
Kingdom of Asturias
0%
Kingdom of Loango
0%
Kingdom of Mrauk-U
0%
Kingdom of Ruthenia
0%
Kingdom of Syria
0%
Kryvdonbass
0%
Kunduz Khanate
0%
Novorossiya
0%
Palmyrene Empire
0%
Republic of Cuyo
0%
Republic of Pisa
0%
Sacred Union of Shambhala
0%
Samanid Empire
0%
Senusiyya
0%
Shamkhalate of Tarki
0%
Sultanate of Aussa
0%
Sultanate of Ndzuwani
0%
Sultanate of Sulu
0%
Tamazgha
0%
Tui Man'a Confederacy
0%
Tungus Republic
0%
Twipra Kingdom
0%
Zogam
0%
No matching quizzes found
Score Distribution
Percent of People with Each Score
Percentile by Number Answered
Your Score History
You have not taken this quiz since the last reset